Etický kódex člena AOCP

Spoločnosti združené v Asociácii obchodníkov s cennými papiermi sa zaviazali vykonávať svoje činnosti v súlade s vlastnými pravidlami, ktoré sú obsiahnuté v Etickom kódexe člena Asociácie (schválený 13.2.1997).

Salvato in:
Dettagli Bibliografici
Natura: Capitolo di libro
Lingua:slovacco
Soggetti:
Tags: Aggiungi Tag
Nessun Tag, puoi essere il primo ad aggiungerne!!

MARC

LEADER 00000naa a2200000 4500
001 r025627
005 20230426110403.8
041 0 |a slo 
044 |a SK 
245 1 0 |a Etický kódex člena AOCP 
520 |a Spoločnosti združené v Asociácii obchodníkov s cennými papiermi sa zaviazali vykonávať svoje činnosti v súlade s vlastnými pravidlami, ktoré sú obsiahnuté v Etickom kódexe člena Asociácie (schválený 13.2.1997). 
610 2 0 |a kódexy 
610 2 0 |a etika 
610 2 0 |a papiere cenné 
610 2 0 |a Asociácia obchodníkov s cennými papiermi 
610 2 0 |a Slovensko